| 000 | 00747nam a2200229 i 4500 | ||
|---|---|---|---|
| 001 | 182118 | ||
| 003 | ES-MaACL | ||
| 005 | 20250929063300.0 | ||
| 008 | 130618s2012 sp | |||||||| | spa d | ||
| 020 | _a978-84-940482-6-5 | ||
| 080 | _a821.134.2-14"19" | ||
| 100 | 1 |
_aSánchez, Antonio J., _d1971- _9152900 |
|
| 245 | 1 | 0 |
_aLeyenda urbana / _cAntonio J. Sánchez ; [prólogo de Pedro Sánchez Sanz]. |
| 250 | _a1ª ed. | ||
| 260 |
_a[Jerez de la Frontera] : _bOrigami, _c2012. |
||
| 300 |
_a58 p. ; _c20 cm. |
||
| 490 | 1 |
_aColección La casa del pintor ; _v21 |
|
| 700 | 1 |
_aSánchez Sanz, Pedro. _9152901 |
|
| 830 | 0 |
_aColección La casa del pintor ; _v21 _9224799 |
|
| 852 |
_aES-MaACL _j2176-F-12 |
||
| 999 |
_c182118 _d182118 |
||